La parodie Op. 49 : Sonate : Piano /

Hlavní autor: Cramer, Johann Baptist, 1771-1858
Další autoři: Wouters, Adolphe François, 1849-1924
Jazyk: Nelze použít, není lingvistický obsah
Vydáno: Mainz : B. Schott's Söhne, c1913
Edice: Edition Schott Einzel-Ausgabe
Fyzický popis: 1 partitura (15 s.)
Hudebniny Hudebniny
Uloženo v:
LEADER 00939ncm a22002412a 4500
001 001402620
003 CZ BrMZK
005 20140710135224.0
007 qu
008 140710s1913 gw ||||| |||||||||||zxx d
040 |a BOA001  |b cze 
072 7 |a 786  |x Hudba pro klávesové nástroje  |2 Konspekt  |9 9 
100 1 |a Cramer, Johann Baptist,  |d 1771-1858  |7 ola2002159030  |4 cmp 
245 1 3 |a La parodie  |h [hudebnina] :  |b Op. 49 : Sonate : Piano /  |c J.B. Cramer ; neu revidierte Ausgabe von A. Wouters 
260 |a Mainz :  |b B. Schott's Söhne,  |c c1913 
300 |a 1 partitura (15 s.) 
490 1 |a Edition Schott Einzel-Ausgabe ;  |v 01546, 01547 
700 1 |a Wouters, Adolphe François,  |d 1849-1924  |7 mzk2011632938  |4 edt 
830 0 |a Edition Schott Einzel-Ausgabe 
910 |a BOA001  |b Mus4-0165.000,01546/01547 
990 |a MU 
991 |b 201407 
996 6 |b 2619688573  |c Mus4-0165.000,01546/01547  |l MZK  |r Sklad / do 1 hodiny  |n 0  |w 001437705  |u 000010  |a 1  |e BOA001  |j MZK50  |s P